000
00218 a2200097 4500
001
42543
100
_a
Wykes a lan
245
_a
The siege of leningradepic of survival
260
_a
London
_b
_c
090
_c
26454
_d
26454
942
_a
NUST-CAE
_c
M
_c
18285
999
_c
277616
_d
277616